10 Biggest Countries by Population in Order - Statistics

General Stats
  • This quiz has been taken 47 times
  • The average score is 8 of 10
Answer Stats
Order Population Country % Correct
1 1,426 mil China
100%
2 1,361 mil India
100%
3 328 mil United States
95%
4 268 mil Indonesia
86%
5 212 mil Brazil
77%
6 203 mil Pakistan
77%
7 199 mil Nigeria
72%
8 167 mil Bangladesh
70%
9 144 mil Russia
58%
10 132 mil Mexico
53%
No matching quizzes found
Score Distribution
Percent of People with Each Score
Percentile by Number Answered
Your Score History
You have not taken this quiz